[Event "Jupiter FISCA"]
[Site "Jupiter"]
[Date "2023.06.22"]
[Round "7"]
[White "Tudor, Henry Edward"]
[Black "Tomaszewski, Kacper"]
[Result "0-1"]
[WhiteElo "2332"]
[BlackElo "2313"]
[PlyCount "156"]
[EventDate "2023.06.17"]
[EventType "tourn"]
[EventRounds "9"]
[EventCountry "ROU"]
[EventCategory "7"]
[SourceTitle "CBM 214 Extra"]
[Source "ChessBase"]
[SourceDate "2023.07.31"]
[SourceVersion "1"]
[SourceVersionDate "2023.07.31"]
[SourceQuality "1"]

1. d4 g6 2. c4 Bg7 3. Nc3 c5 4. d5 Bxc3+ 5. bxc3 f5 6. e4 fxe4 7. f3 d6 8. fxe4 e5 9. Nf3 Nd7 10. Bd3 Qe7 11. Qa4 h6 12. Bd2 Ngf6 13. Nh4 Qg7 14. 0-0 0-0 15. Rf2 Nb6 16. Qc2 g5 17. Nf5 Bxf5 18. Rxf5 Nh5 19. g3 Qe7 20. Raf1 Ng7 21. R5f2 Rxf2 22. Rxf2 Rf8 23. Rg2 Kh7 24. Be3 Nh5 25. Qe2 Nf6 26. h3 Qg7 27. Rf2 Ne8 28. Rh2 Nf6 29. Kg2 Nc8 30. Rh1 Ne7 31. h4 g4 32. h5 Neg8 33. Rh4 Qf7 34. Qd1 Kh8 35. Be2 Nxe4 36. Bxg4 Qg7 37. Bg1 Ngf6 38. Qf3 Rg8 39. Qf5 Nxc3 40. Qe6 Nce4 41. Be3 a6 42. a4 b6 43. Bc1 Re8 44. Qf5 Rf8 45. Qg6 Qxg6 46. hxg6 Nxg4 47. Rxg4 Ng5 48. Rh4 Kg7 49. Bxg5 hxg5 50. Rh7+ Kxg6 51. Rb7 b5 52. axb5 axb5 53. cxb5 Kf5 54. Rd7 Rb8 55. Rxd6 Rxb5 56. Rd8 Rb2+ 57. Kf3 g4+ 58. Ke3 Rb3+ 59. Kf2 Rf3+ 60. Kg2 Rd3 61. d6 Ke6 62. Re8+ Kd7 63. Rxe5 Kxd6 64. Rg5 Rd4 65. Kf2 Re4 66. Kf1 Kc6 67. Kf2 Kb5 68. Rg8 Kb4 69. Rb8+ Kc3 70. Rf8 c4 71. Rf7 Kd3 72. Rd7+ Kc2 73. Rd8 c3 74. Rd7 Kb2 75. Rb7+ Kc1 76. Rd7 c2 77. Rd8 Kb2 78. Rb8+ Kc3 0-1

[Event "Jupiter FISCA"]
[Site "Jupiter"]
[Date "2023.06.21"]
[Round "6"]
[White "Bonte, Andrei Mihai"]
[Black "Tudor, Henry Edward"]
[Result "0-1"]
[WhiteElo "2334"]
[BlackElo "2332"]
[PlyCount "152"]
[EventDate "2023.06.17"]
[EventType "tourn"]
[EventRounds "9"]
[EventCountry "ROU"]
[EventCategory "7"]
[SourceTitle "CBM 214 Extra"]
[Source "ChessBase"]
[SourceDate "2023.07.31"]
[SourceVersion "1"]
[SourceVersionDate "2023.07.31"]
[SourceQuality "1"]

1. d4 Nf6 2. Nf3 e6 3. Bf4 c5 4. e3 Qb6 5. Qc1 Nh5 6. Bg3 Nc6 7. c3 Nxg3 8. hxg3 d5 9. Nbd2 Be7 10. Bd3 Bd7 11. a4 Rc8 12. Qb1 g6 13. 0-0 Kf8 14. a5 Qc7 15. a6 b6 16. Bb5 Kg7 17. Qd1 Rcd8 18. Rc1 Qb8 19. Qa4 Rc8 20. c4 Rhd8 21. b4 Be8 22. cxd5 Rxd5 23. e4 Rxd4 24. Nxd4 Nxd4 25. Bxe8 Ne2+ 26. Kh1 Nxc1 27. Bd7 Rd8 28. Rxc1 Qd6 29. bxc5 bxc5 30. Qa1+ Bf6 31. Nc4 Qxd7 32. e5 Be7 33. Nd6 Qc6 34. Rb1 Bxd6 35. exd6+ Kg8 36. Rb7 Qxd6 37. Rxa7 c4 38. Kh2 Qc5 39. Qf6 Qh5+ 40. Qh4 Qxh4+ 41. gxh4 Rc8 42. Rb7 c3 43. Rb1 Kg7 44. a7 Ra8 45. Rb7 c2 46. Rc7 Rxa7 47. Rxc2 Ra4 48. g3 h6 49. Kg2 Kf6 50. Rb2 Kf5 51. Rb7 f6 52. Rb5+ e5 53. Rb6 Ra3 54. g4+ Kxg4 55. Rxf6 Kh5 56. Re6 Ra4 57. f3 Kxh4 58. Rxg6 h5 59. Re6 Ra2+ 60. Kf1 Ra5 61. Kg2 Kg5 62. Kg3 h4+ 63. Kh3 Kf5 64. Rh6 Ra3 65. Kg2 Ra2+ 66. Kg1 Kf4 67. Rxh4+ Kg3 68. Rg4+ Kxf3 69. Rg8 Ra1+ 70. Kh2 e4 71. Rf8+ Ke2 72. Kg2 e3 73. Rb8 Kd2 74. Rd8+ Ke1 75. Rh8 Ra7 76. Kf3 e2 0-1

[Event "Jupiter FISCA"]
[Site "Jupiter"]
[Date "2023.06.20"]
[Round "5"]
[White "Tudor, Henry Edward"]
[Black "Petkov, Momchil"]
[Result "1/2-1/2"]
[WhiteElo "2332"]
[BlackElo "2512"]
[PlyCount "36"]
[EventDate "2023.06.17"]
[EventType "tourn"]
[EventRounds "9"]
[EventCountry "ROU"]
[EventCategory "7"]
[SourceTitle "CBM 214 Extra"]
[Source "ChessBase"]
[SourceDate "2023.07.31"]
[SourceVersion "1"]
[SourceVersionDate "2023.07.31"]
[SourceQuality "1"]

1. d4 Nf6 2. c4 e6 3. Nc3 Bb4 4. Qc2 d5 5. cxd5 exd5 6. Bg5 h6 7. Bh4 g5 8. Bg3 Nc6 9. e3 h5 10. Bb5 h4 11. Be5 0-0 12. h3 Nxe5 13. dxe5 Ne4 14. Nf3 Bf5 15. 0-0 Bxc3 16. bxc3 Kh8 17. Bd3 Rg8 18. Nh2 Qd7 1/2-1/2

[Event "Budapest Vezerkepzo Pentecost GM1"]
[Site "Budapest"]
[Date "2023.05.24"]
[Round "7"]
[White "Tudor, Henry Edward"]
[Black "Galyas, Miklos"]
[Result "0-1"]
[WhiteElo "2167"]
[BlackElo "2455"]
[PlyCount "88"]
[EventDate "2023.05.18"]
[EventType "tourn"]
[EventRounds "9"]
[EventCountry "HUN"]
[EventCategory "6"]
[SourceTitle "CBM 214 Extra"]
[Source "ChessBase"]
[SourceDate "2023.07.31"]
[SourceVersion "1"]
[SourceVersionDate "2023.07.31"]
[SourceQuality "1"]

1. d4 d5 2. c4 e6 3. Nc3 h6 4. cxd5 exd5 5. Bf4 Nf6 6. Qc2 Bd6 7. Bxd6 Qxd6 8. e3 c6 9. Bd3 0-0 10. Nf3 Re8 11. 0-0-0 a5 12. h3 Na6 13. Bxa6 Rxa6 14. g4 Ne4 15. Rhg1 a4 16. g5 Bf5 17. Ne5 a3 18. b3 Rxe5 19. dxe5 Qxe5 20. Rd4 Nxg5 21. Rxg5 hxg5 22. Qd2 Ra8 23. h4 g4 24. Kd1 Qh2 25. Rf4 Be6 26. Qd4 Qxh4 27. Ne2 Qh7 28. Kc1 c5 29. Qe5 Rc8 30. Ng3 d4 31. Re4 dxe3 32. Rxe3 c4 33. b4 Qh2 34. Re2 c3 35. Qa5 c2 36. Qe5 Bxa2 37. Re1 Qh6+ 38. Re3 Be6 39. Qa5 Qf6 40. Qxa3 Qxf2 41. Rc3 Qe1+ 42. Kxc2 Rxc3+ 43. Qxc3 Qxc3+ 44. Kxc3 f5 0-1

[Event "Budapest Vezerkepzo Pentecost GM1"]
[Site "Budapest"]
[Date "2023.05.20"]
[Round "3"]
[White "Woodward, Andy"]
[Black "Tudor, Henry Edward"]
[Result "1/2-1/2"]
[WhiteElo "2436"]
[BlackElo "2167"]
[PlyCount "75"]
[EventDate "2023.05.18"]
[EventType "tourn"]
[EventRounds "9"]
[EventCountry "HUN"]
[EventCategory "6"]
[SourceTitle "CBM 214 Extra"]
[Source "ChessBase"]
[SourceDate "2023.07.31"]
[SourceVersion "1"]
[SourceVersionDate "2023.07.31"]
[SourceQuality "1"]

1. d4 Nf6 2. c4 e6 3. Nf3 Bb4+ 4. Nbd2 0-0 5. a3 Be7 6. e4 d6 7. Be2 e5 8. d5 c6 9. 0-0 a5 10. b3 Bd7 11. Bb2 cxd5 12. cxd5 b5 13. a4 Qb6 14. axb5 Bxb5 15. Ba3 Nbd7 16. Bc4 Nc5 17. Bxb5 Qxb5 18. Bxc5 Qxc5 19. Rc1 Qb5 20. Rc7 Bd8 21. Rc6 Ra6 22. Qc2 Rxc6 23. dxc6 Bb6 24. Qc4 Qc5 25. Qxc5 Bxc5 26. Ra1 Bb4 27. Nc4 Rc8 28. Nxa5 Kf8 29. Nc4 Rxc6 30. Ra8+ Ke7 31. Ra7+ Ke8 32. Rb7 Bc3 33. Ng5 h6 34. Nxf7 Nxe4 35. Kf1 Nd2+ 36. Nxd2 Bxd2 37. b4 Bxb4 38. Nxe5 1/2-1/2

[Event "Bucharest Grand Prix"]
[Site "Bucharest"]
[Date "2023.04.30"]
[Round "5"]
[White "Tudor, Henry Edward"]
[Black "Patrascu, Catalin Lucian"]
[Result "1/2-1/2"]
[WhiteElo "2187"]
[BlackElo "2279"]
[PlyCount "132"]
[EventDate "2023.04.29"]
[EventType "swiss (rapid)"]
[EventRounds "10"]
[EventCountry "ROU"]
[SourceTitle "CBM 213 Extra"]
[Source "ChessBase"]
[SourceDate "2023.05.31"]
[SourceVersion "1"]
[SourceVersionDate "2023.05.31"]
[SourceQuality "1"]

1. d4 Nf6 2. c4 e6 3. Nc3 Bb4 4. Qc2 0-0 5. e4 d6 6. a3 Bxc3+ 7. bxc3 e5 8. Bd3 c5 9. d5 Nbd7 10. Ne2 Re8 11. f3 Nh5 12. h4 Nf8 13. Bg5 f6 14. Be3 Ng6 15. g3 Rf8 16. Qd2 Qa5 17. Kf2 Bd7 18. Rac1 b5 19. cxb5 Bxb5 20. c4 Qxd2 21. Bxd2 Ba6 22. Rb1 Rab8 23. Ba5 Rfc8 24. Rxb8 Rxb8 25. Bc7 Rb3 26. Rd1 Nf8 27. Bxd6 Nd7 28. g4 Nf4 29. Nxf4 exf4 30. Bxf4 Rxa3 31. Bd6 Ne5 32. Bxe5 fxe5 33. Be2 Kf7 34. Rc1 Ke7 35. Rc2 Kd6 36. Ke1 Bc8 37. Rb2 Ba6 38. Kd2 Ra1 39. Rb8 Ra2+ 40. Ke1 Ra1+ 41. Kf2 Ra2 42. Kf1 Ra1+ 43. Kf2 Ra2 44. Ke3 Ra3+ 45. Kd2 Ra2+ 46. Kd1 Ra1+ 47. Kc2 Ra2+ 48. Rb2 Ra4 49. Kb3 Ra1 50. Ra2 Rxa2 51. Kxa2 h6 52. g5 Bc8 53. Kb3 Bd7 54. Ka3 Be8 55. Bd1 Bd7 56. Ba4 Bh3 57. Bd1 Bf1 58. Kb3 Kc7 59. Kc3 Kd6 60. Kb3 Bd3 61. Kc3 Bf1 62. Kb3 Bd3 63. Kc3 Bf1 64. gxh6 gxh6 65. Kb3 Bd3 66. Kc3 Bf1 1/2-1/2